[Event "Chigorin Memorial 26th"]
[Site "St Petersburg"]
[Date "2018.11.04"]
[Round "9"]
[White "Lavrinovitsh, Denis"]
[Black "Pankova, Julia"]
[Result "1-0"]
[WhiteElo "2078"]
[BlackElo "1826"]
[PlyCount "49"]
[EventDate "2018.10.27"]
[EventType "swiss"]
[EventRounds "9"]
[EventCountry "RUS"]
[SourceTitle "CBM 187 Extra"]
[Source "ChessBase"]
[SourceDate "2018.11.04"]
[SourceVersion "1"]
[SourceVersionDate "2018.11.04"]
[SourceQuality "1"]

1. e4 c5 2. c3 d5 3. exd5 Qxd5 4. d4 Nf6 5. Nf3 e6 6. Be2 Nc6 7. Na3 cxd4 8. Nb5 Qd8 9. Nbxd4 Nxd4 10. Nxd4 e5 11. Bb5+ Bd7 12. Qe2 Be7 13. Qxe5 0-0 14. 0-0 Rc8 15. Bxd7 Rc5 16. Qe2 Qxd7 17. Bf4 Nd5 18. Bg3 Bf6 19. Rad1 b5 20. Qf3 Rd8 21. Nf5 Qc6 22. Rfe1 g6 23. Nh6+ Kg7 24. Ng4 Bg5 25. h4 1-0

[Event "Chigorin Memorial 26th"]
[Site "St Petersburg"]
[Date "2018.11.03"]
[Round "8"]
[White "Shmoilov, Dmitry"]
[Black "Lavrinovitsh, Denis"]
[Result "0-1"]
[WhiteElo "1887"]
[BlackElo "2078"]
[PlyCount "98"]
[EventDate "2018.10.27"]
[EventType "swiss"]
[EventRounds "9"]
[EventCountry "RUS"]
[SourceTitle "CBM 187 Extra"]
[Source "ChessBase"]
[SourceDate "2018.11.04"]
[SourceVersion "1"]
[SourceVersionDate "2018.11.04"]
[SourceQuality "1"]

1. d4 c6 2. c4 d5 3. cxd5 cxd5 4. Bf4 Qb6 5. Nc3 Nf6 6. e3 Bf5 7. Qb3 e6 8. Qxb6 axb6 9. Bb5+ Nc6 10. Nge2 Be7 11. h3 0-0 12. g4 Bg6 13. f3 Nd7 14. Kf2 f6 15. Bg3 Bf7 16. Rhd1 Ra5 17. a3 Rfa8 18. a4 Rc8 19. Rac1 Ndb8 20. Na2 Na6 21. Kg2 Nab4 22. Nxb4 Bxb4 23. Nf4 Raa8 24. Nd3 Be7 25. Bxc6 bxc6 26. b3 c5 27. dxc5 bxc5 28. Ra1 c4 29. bxc4 dxc4 30. Ne1 e5 31. Nc2 c3 32. Rdc1 Ra5 33. e4 Bb3 34. Be1 Rxa4 35. Rab1 Be6 36. Rb7 Bf8 37. Kg3 Ra2 38. Nb4 Bxb4 39. Rxb4 c2 40. Bd2 Rd8 41. Be3 Rd1 42. Rb8+ Kf7 43. Rb7+ Kg6 44. h4 h6 45. h5+ Kh7 46. Rc7 Ra3 47. R7xc2 Rdd3 48. Bf2 Rxf3+ 49. Kg2 Bxg4 0-1

[Event "Chigorin Memorial 24th"]
[Site "St Petersburg"]
[Date "2016.10.23"]
[Round "9"]
[White "Lavrinovitsh, Denis"]
[Black "Kavyev, Ruslan"]
[Result "0-1"]
[WhiteElo "2081"]
[BlackElo "1890"]
[PlyCount "60"]
[EventDate "2016.10.15"]
[EventType "swiss"]
[EventRounds "9"]
[EventCountry "RUS"]
[SourceTitle "CBM 175 Extra"]
[Source "ChessBase"]
[SourceDate "2016.12.12"]
[SourceVersion "1"]
[SourceVersionDate "2016.12.12"]
[SourceQuality "1"]

1. e4 c5 2. c4 d6 3. Nc3 g6 4. g3 Bg7 5. Bg2 Nc6 6. Nge2 e6 7. d3 Nge7 8. 0-0 0-0 9. Rb1 Qd7 10. Be3 Nd4 11. b4 b6 12. f4 Bb7 13. Bxd4 cxd4 14. Nb5 e5 15. f5 gxf5 16. Bh3 Bh6 17. Na3 Be3+ 18. Kg2 Qe6 19. Nc2 Qh6 20. Nxe3 fxe4 21. Nf5 Nxf5 22. Bxf5 exd3+ 23. Kg1 Qe3+ 24. Rf2 dxe2 25. Qxe2 Qxe2 26. Rxe2 f6 27. Rb3 h6 28. a4 Kf7 29. g4 Rg8 30. Rh3 Bc8 0-1

[Event "Chigorin Memorial 24th"]
[Site "St Petersburg"]
[Date "2016.10.20"]
[Round "6"]
[White "Shmyrin, Mikhail"]
[Black "Lavrinovitsh, Denis"]
[Result "0-1"]
[WhiteElo "1871"]
[BlackElo "2081"]
[PlyCount "90"]
[EventDate "2016.10.15"]
[EventType "swiss"]
[EventRounds "9"]
[EventCountry "RUS"]
[SourceTitle "CBM 175 Extra"]
[Source "ChessBase"]
[SourceDate "2016.12.12"]
[SourceVersion "1"]
[SourceVersionDate "2016.12.12"]
[SourceQuality "1"]

1. e4 e6 2. d4 d5 3. Nd2 Nf6 4. e5 Nfd7 5. Bd3 c5 6. c3 Nc6 7. Ne2 cxd4 8. cxd4 f6 9. Nf4 Qe7 10. Qh5+ Qf7 11. Qxf7+ Kxf7 12. exf6 Nxd4 13. fxg7 Bxg7 14. 0-0 Nf6 15. Re1 Re8 16. Ne2 Nxe2+ 17. Bxe2 Bd7 18. Nb3 e5 19. Bg5 Kg6 20. Bxf6 Bxf6 21. Rad1 Bc6 22. f3 Bh4 23. g3 Bf6 24. Nc5 e4 25. fxe4 dxe4 26. Rd6 Rad8 27. Red1 Rxd6 28. Rxd6 Kf5 29. b3 Be7 30. Nxb7 Bxb7 31. Rd7 Bc5+ 32. Kf1 Re7 33. Rd8 Ke5 34. Bc4 Bb6 35. Rd1 Bc6 36. Ke2 Bd4 37. Rf1 Bd5 38. Bb5 Rf7 39. Rc1 Rf2+ 40. Ke1 Rxh2 41. Rc7 Bf2+ 42. Kf1 Bxg3 43. Rxa7 e3 44. Rg7 Kf4 45. Be2 Rh1# 0-1